000 00652nam a2200241Ia 4500
008 160803s9999 xx 000 0 und d
020 _a9780545669146
100 _aBruel, Nick
245 2 _aA bad kitty Christmas /
245 _cNick Bruel.
260 _aNew York :
260 _bScholastic Inc.
260 _c2011
300 _a40 unnumbered pages :
300 _bcolor illustrations ;
300 _c28 cm
500 _aOriginally published: New York : Roaring Brook Press, c2011.
650 _aCats --
650 _aChristmas stories.
650 _aPicture books for children.
650 _xJuvenile fiction.
700 _a520
999 _c299517
_d299517